00701 2200241 4500001002100000005001700021008004100038020002200079035002400101040001200125082001500137084002100152100002200173245009900195250001000294260003400304300003100338650001300369700001700382700002600399850001200425990002200437INLIS00000000002615820170313105619.0  a978-979-29-5938-3 0010-031700000000268 aYOPDYOG 223a745.54 aDEP 745.54 Ham C aHANDOKO Budisetyo aColoring book my fantasyc/ Handoko Budisetyo; Ilustrator, M. Leo Agung, Febri Satria Bayuargo aEd. 1 aYogyakartabAndi Offsetc2016 a96 hlm.b: ilus.c; 20 cm. aMewarnai aLEO Agung, M aFEBRI Satrio Bayuargo aYOPDYOG aCB-D.11/2016-1630